Suki Waterhouse Songs - Statistics

General Stats
  • This quiz has been taken 11 times
  • The average score is 26 of 38
Answer Stats
Hint Answer % Correct
Blackout Drunk
100%
Model, Actress, Whatever
100%
My Fun
100%
Could've Been A Star
88%
Gateway Drug
88%
OMG
88%
Supersad
88%
Think Twice
88%
Big Love
75%
Faded
75%
Johanna
75%
Lawsuit
75%
Lullaby
75%
Melrose Meltdown
75%
Moves
75%
To Get You
75%
To Love
75%
Valentine
75%
Blessed
63%
Bullshit on the Internet
63%
Coolest Place in the World
63%
Devil I Know
63%
Everybody Breaks Up Anyway
63%
Legendary
63%
Neon Signs
63%
On Your Thumb
63%
Put Me Through It
63%
Slip
63%
Brutally
50%
Good Looking
50%
Good Looking (Stripped)
50%
Helpless
50%
My Mind
50%
Nonchalant
50%
Album - 2022 I Can't Let Go
38%
Album - 2024 Memoir of a Sparklemuffin
38%
Album - 2022 Milk Teeth
38%
Wild Side
38%
No matching quizzes found
Score Distribution
Percent of People with Each Score
Percentile by Number Answered
Your Score History
You have not taken this quiz